000 00328nam a22001337a 4500
020 _a81-86906274
041 _aENG
100 _aAgrwal .A
245 _aMaking Water Everybod Y'Business Practice And Policy Of Water Harvesting
260 _aNew Delhi
_bCSE
_c1997
300 _a456
650 _aSWCE
856 _uSWCE ( 24 )
999 _c1825
_d1825